000 00682nam a2200265Ia 4500
001 20036
005 20240114000458.0
007 ta
008 060217s1910 g b000 u 465 u
040 _aCotton College,Assam
041 _a465
082 _a820.9
_bSt 44 St
100 _aStephen, Leslie .
245 0 _aStudies of a Biographer /
_cLeslie Stephen.
_hTextual Documents
250 _a1st ed. /
260 _aLondon :
_bDuckworth & Co ,
_c1910.
300 _a267p. ;
_c20cm.
653 _aEnglish Literature-Criticism
653 _aG-English
653 _aT/G-English
942 _2ddc
_cBK
999 _c20018
_d20018